Wind energy : (Record no. 355200)

000 -LEADER
fixed length control field 01149cam a2200337 a 4500
001 - CONTROL NUMBER
control field 15580500
003 - CONTROL NUMBER IDENTIFIER
control field Nust- CAS-E
005 - DATE AND TIME OF LATEST TRANSACTION
control field 20180118181353.0
008 - FIXED-LENGTH DATA ELEMENTS--GENERAL INFORMATION
fixed length control field 090109s2009 fluab b 001 0 eng
010 ## - LIBRARY OF CONGRESS CONTROL NUMBER
LC control number 2009000877
015 ## - NATIONAL BIBLIOGRAPHY NUMBER
National bibliography number GBA8E1518
Source bnb
016 7# - NATIONAL BIBLIOGRAPHIC AGENCY CONTROL NUMBER
Record control number 014857957
Source Uk
020 ## - INTERNATIONAL STANDARD BOOK NUMBER
International Standard Book Number 9781420075687
020 ## - INTERNATIONAL STANDARD BOOK NUMBER
International Standard Book Number 1420075683
035 ## - SYSTEM CONTROL NUMBER
System control number (OCoLC)ocn288986077
040 ## - CATALOGING SOURCE
Original cataloging agency DLC
Transcribing agency DLC
Modifying agency BTCTA
-- BAKER
-- YDXCP
-- UKM
-- C#P
-- BWX
-- DLC
050 00 - LIBRARY OF CONGRESS CALL NUMBER
Classification number TJ820
Item number .N44 2009
082 00 - DEWEY DECIMAL CLASSIFICATION NUMBER
Classification number 621.312136
Edition number 23
Author Mark NEL 2009
100 1# - MAIN ENTRY--PERSONAL NAME
Personal name Nelson, Vaughn.
245 10 - TITLE STATEMENT
Title Wind energy :
Remainder of title renewable energy and the environment /
Statement of responsibility, etc. Vaughn Nelson.
260 ## - PUBLICATION, DISTRIBUTION, ETC.
Place of publication, distribution, etc. Boca Raton :
Name of publisher, distributor, etc. CRC Press,
Date of publication, distribution, etc. c2009.
300 ## - PHYSICAL DESCRIPTION
Extent xix, 304 p. :
Other physical details ill., maps ;
Dimensions 27 cm.
490 1# - SERIES STATEMENT
Series statement Energy and the environment
504 ## - BIBLIOGRAPHY, ETC. NOTE
Bibliography, etc. note Includes bibliographical references and index.
650 #0 - SUBJECT ADDED ENTRY--TOPICAL TERM
Topical term or geographic name entry element Wind power.
650 #0 - SUBJECT ADDED ENTRY--TOPICAL TERM
Topical term or geographic name entry element Wind power plants.
830 #0 - SERIES ADDED ENTRY--UNIFORM TITLE
Uniform title Energy and the environment (Boca Raton, Fla.)
906 ## - LOCAL DATA ELEMENT F, LDF (RLIN)
a 7
b cbc
c orignew
d 1
e ecip
f 20
g y-gencatlg
942 ## - ADDED ENTRY ELEMENTS (KOHA)
Source of classification or shelving scheme
Koha item type Book
Holdings
Withdrawn status Lost status Source of classification or shelving scheme Damaged status Not for loan Permanent Location Current Location Shelving location Date acquired Source of acquisition Total Checkouts Full call number Barcode Date last seen Copy number Cost, replacement price Price effective from Koha item type Date last checked out
          US-Pakistan Center for Advanced Studies in Energy (USPCAS-E) US-Pakistan Center for Advanced Studies in Energy (USPCAS-E) General Stacks 10/04/2013 Victoria co   621.312136 NEL 2009 CAS-E0000047 02/11/2014 01 14154.00 02/11/2014 Book  
          US-Pakistan Center for Advanced Studies in Energy (USPCAS-E) US-Pakistan Center for Advanced Studies in Energy (USPCAS-E) General Stacks 10/04/2013 Victoria co 1 621.312136 NEL 2009 CAS-E0000048 04/22/2015 02 14154.00 02/11/2014 Book 03/18/2015
© 2023 Central Library, National University of Sciences and Technology. All Rights Reserved.